Statistics for Calvin Harris Quiz

Click here to take the quiz!

General Stats

  • This quiz has been taken 75 times
  • The average score is 14 of 64

Answer Stats

Song% Correct
Summer
88%
Outside
66%
Blame
65%
Feel So Close
54%
Under Control
49%
Acceptable in the 80s
48%
We Found Love
48%
We'll Be Coming Back
48%
I Need Your Love
46%
Sweet Nothing
46%
Bounce
45%
Let's Go
42%
Ready For the Weekend
40%
Flashback
37%
Thinking About You
37%
Drinking From the Bottle
32%
I'm Not Alone
32%
Pray to God
32%
Open Wide
29%
Slow Acid
29%
Faith
26%
The Girls
25%
Dollar Signs
23%
Iron
20%
Burnin'
18%
C.U.B.A.
18%
I Created Disco
18%
Together
18%
You Used to Hold Me
18%
It Was You
17%
Love Now
17%
Mansion
17%
Merrymaking at My Place
17%
Overdrive
17%
Awooga
15%
Dance Wiv Me
14%
Ecstasy
14%
Blue
12%
Green Valley
12%
Here 2 China
11%
School
11%
Stars Come Out
11%
The Rain
11%
Colours
9%
Electro Man
9%
Worst Day
9%
Burns Night
8%
Neon Rocks
8%
Relax
8%
This is the Industry
8%
Vault Character
8%
Vegas
8%
Yeah Yeah Yeah La La La
8%
5iliconeator
6%
Certified
6%
Disco Heat
6%
Limits
6%
Love Souvenir
6%
Traffic Cops
6%
Greatest Fear
2%
Off the Record
2%
Love For You
0%
Rock N Roll Attitude
0%
We're All the Same
0%

Score Distribution

Percentile by Number Answered

Percent of People with Each Score

Your Score History

You have not taken this quiz